000
00237nam a2200097Ia 4500
001
684494
005
20250826161458.0
008
250824s9999 xx 000 0 und d
245
0
_a
SÖZÜN EŞİĞİNDE
_c
İHSAN FAZLIOĞLU
260
_b
KETEBE
999
_c
684494
_d
684494